000 00911cam a2200289 a 4500
008 960725s1996 fr b b 000 0 fre
010 _a 96173370
020 _a2738440649
040 _aDLC
_cDLC
_dDLC
043 _af-ua---
050 0 0 _aDT104
_b.F37 1996
082 0 0 _a962.03/092
_aB
_220
092 0 4 _a962.03092
_bF223
_221
099 _a04
_a962.03092 F223
100 1 _aFargette, Guy.
245 1 0 _aMehemet Ali, le fondateur de l'Egypte moderne /
_cGuy Fargette.
260 _aParis :
_bHarmattan,
_cc1996.
300 _a231, [1] p. :
_bmap ;
_c22 cm..
504 _aIncludes bibliographical references (p. 229-[232]).
600 0 0 _aMuٍhammad ʻAlهi Basha,
_cGovernor of Egypt,
_d1769-1849.
651 0 _aEgypt
_xHistory
_yMohammed Ali, 1805-1849.
902 _a1
905 _aJamal
_eRev.
905 _aJihan
_eCat.
942 _2ddc
_cBK
999 _c131924
_d131924